01446nam a2200277 a 4500001001000000005001700010008004100027041000800068044000700076084002000083100004500103245013400148260004600282300002200328500018600350500006800536500023200604500001000836546002500846650005200871650005600923650003400979650004501013700006001058740005001118BRCA_300520190320204051.0190109s1713----fr-#---###---#000-0#fre-u afre afr a327b.L54c17131 aCervantes Saavedra, Miguel ded1547-161610aHistorie de l´Admirable Don Quichotte de la ManchecTraduite de L´Espagnol de Michael de Cervantes par Filleau de Saint-Martin. aParísbLa campagnie des librairesc1713 a6 v.bil.c17 cm. aContenido : v 1. Primera parte. Advertencia del traductor. Texto. -- v 2. Texto. -- v 3. Segunda parte. Texto. -- v 4. Texto. -- v 5. Continuación del traductor. Texto. v 6. Texto aEdición : Nouvelle Edition Revuë, Corrigée et Augemntée aEn esta edición aparece, por primera vez, un sexto tomo que contiene la continuación de la obra iniciada en el quinto, y escrita por su traductor Filleau de Saint-Martin. Piel; lomeras decoradas con dorados Lúdovik Osterc aQM256 aTexto en : francés14aNovela españolayÉpoca clásica, 1500-170014aLiteratura españolayÉpoca clásica, 1500-170014aNovela españolaySiglo XVII14aDon Quijote (Personaje ficticio)eNovela1 aSaint-Martin, Francois Filleau ded1632-1695eTraductor0 aEl Ingenioso Hidalgo Don Quijote de la Mancha